00418nam a2200121Ia 4500001000800000005001700008008004100025020001800066245008100084260002200165999002100187952008800208126287120260417141838.0260417s9999 xx 000 0 und d a9786257432351 0aBir Müslüman Sosyal Medya’ya Nasıl Bakmalı?cMustafa Derviş Dereli bBeyan Yayınları c1262871d1262871 00104070a1111b1111d2026-04-17l0p1111148r2026-04-17 14:18:38w2026-04-17yBK